MARC

Tag First Indicator Second Indicator Subfields
LEADER 00000cam a2200000 i 4500
001 in00004085508
005 20200113122154.0
006 m o d f
007 cr |||||||||||
008 190827s2019 mduab ob f000 0 eng c
035 |a (OCoLC)on1114264853 
042 |a pcc 
043 |a n-us--- 
040 |a GPO  |b eng  |e rda  |e pn  |c GPO  |d GPO  |d MvI 
049 |a WWW 
074 |a 0208-C-23 (online) 
086 0 |a C 55.13/2:NMFS-OPR-61 
100 1 |a Stacy, Brian A.  |q (Brian Adams),  |e author. 
245 1 0 |a Guidelines for oil spill response and natural resource damage assessment :  |b sea turtles /  |c Brian A. Stacy [and eight others]. 
264 1 |a Silver Spring, MD :  |b U.S. Department of Commerce, National Oceanic and Atmospheric Administration, National Marine Fisheries Service, Office of Protected Resources,  |c 2019. 
300 |a 1 online resource (ix, 197 pages) :  |b illustrations (chiefly color), maps (some color). 
336 |a text  |b txt  |2 rdacontent 
337 |a computer  |b c  |2 rdamedia 
338 |a online resource  |b cr  |2 rdacarrier 
490 1 |a NOAA technical memorandum NMFS-OPR ; ;  |v 61 
500 |a "May 2019." 
504 |a Includes bibliographical references (pages 90-96). 
588 |a Description based on online resource, PDF version; title from title page (NOAA, viewed August 27, 2019). 
650 0 |a Sea turtles  |x Effect of oil spills on  |z United States. 
650 0 |a Sea turtles  |x Wounds and injuries  |z United States. 
650 0 |a Sea turtles  |x Conservation  |x Government policy  |z United States. 
650 0 |a Sea turtles  |x Habitat  |x Conservation  |x Government policy  |z United States. 
650 0 |a Oil spills  |x Cleanup  |z United States. 
710 1 |a United States.  |b National Marine Fisheries Service.  |b Office of Protected Resources,  |e issuing body. 
776 0 8 |i Print version:  |a Stacy, Brian A. (Brian Adams)  |t Guidelines for oil spill response and natural resource damage assessment: sea turtles  |w (OCoLC)1114264920 
830 0 |a NOAA technical memorandum NMFS-OPR ;  |v 2019-61. 
856 4 0 |u https://purl.fdlp.gov/GPO/gpo124654  |t 0 
999 f f |s f1d24b1f-e18b-34b4-aa16-23a999bd63e3  |i dab9d3bd-6635-3a89-bdd9-74c7223d5424  |t 0 
952 f f |a Texas A&M University  |b College Station  |c Electronic Resources  |d Available Online  |t 0  |e C 55.13/2:NMFS-OPR-61  |h Superintendent of Documents classification 
998 f f |a C 55.13/2:NMFS-OPR-61  |t 0  |l Available Online